[Event "Las Palmas Insular-chT Segunda 1718"]
[Site "Las Palmas"]
[Date "2017.11.11"]
[Round "2.2"]
[White "Macias Reyes, Jose Luis"]
[Black "Perez Toledo, Antonio Jose"]
[Result "1-0"]
[WhiteElo "1553"]
[BlackElo "1553"]
[PlyCount "44"]
[EventDate "2017.10.28"]
[EventType "team-swiss"]
[EventRounds "9"]
[EventCountry "ESP"]
[SourceTitle "EXT 2019"]
[Source "ChessBase"]
[SourceDate "2018.10.10"]
[SourceVersion "1"]
[SourceVersionDate "2018.10.10"]
[SourceQuality "1"]
[WhiteTeam "Sociedad La Montana IV"]
[BlackTeam "Piscolabis Oleaje San Andres II"]
[WhiteTeamCountry "ESP"]
[BlackTeamCountry "ESP"]

1. d4 d5 2. Bf4 e6 3. e3 Nf6 4. Nf3 c5 5. c3 Nc6 6. Bd3 Bd6 7. Bg3 Qc7 8. dxc5 Bxg3 9. hxg3 e5 10. Bb5 Bg4 11. Qc2 h6 12. Nbd2 Nd7 13. Nb3 0-0-0 14. Be2 Kb8 15. e4 Bxf3 16. gxf3 d4 17. 0-0-0 dxc3 18. Qxc3 Nf6 19. Bb5 Nd7 20. Rd6 f6 21. Rhd1 Ka8 22. Bxc6 bxc6 1-0

[Event "Las Palmas Insular-chT Primera-A 1617"]
[Site "Las Palmas"]
[Date "2017.02.18"]
[Round "11.4"]
[White "Macias Reyes, Jose Luis"]
[Black "Perez Toledo, Antonio Jose"]
[Result "1/2-1/2"]
[WhiteElo "1455"]
[BlackElo "1554"]
[PlyCount "54"]
[EventDate "2016.10.22"]
[EventType "team-tourn"]
[EventRounds "14"]
[EventCountry "ESP"]
[SourceTitle "EXT 2018"]
[Source "ChessBase"]
[SourceDate "2017.10.13"]
[SourceVersion "1"]
[SourceVersionDate "2017.10.13"]
[SourceQuality "1"]
[WhiteTeam "Sociedad La Montana II"]
[BlackTeam "Piscolabis Oleaje San Andres II"]
[WhiteTeamCountry "ESP"]
[BlackTeamCountry "ESP"]

1. d4 d5 2. c4 c6 3. Nf3 Nf6 4. Nc3 e6 5. e3 Nbd7 6. Bd3 dxc4 7. Bxc4 b5 8. Bd3 Bb7 9. 0-0 a6 10. e4 b4 11. Na4 Be7 12. Re1 0-0 13. b3 c5 14. Nb2 cxd4 15. Nxd4 Nc5 16. e5 Nd5 17. Bc4 Nc3 18. Qg4 g6 19. Bh6 Re8 20. a3 bxa3 21. Rxa3 N5e4 22. Nxe6 Qb6 23. Be3 Qb4 24. Raa1 Bc8 25. Nd3 Qb7 26. f3 Bf8 27. fxe4 Bxe6 1/2-1/2

[Event "Gran Canaria Santana Memorial 5th"]
[Site "Gran Canaria"]
[Date "2017.02.14"]
[Round "4"]
[White "Perez Toledo, Antonio Jose"]
[Black "Moreno Diepa, Diego"]
[Result "1/2-1/2"]
[WhiteElo "1552"]
[BlackElo "1196"]
[PlyCount "92"]
[EventDate "2017.02.03"]
[EventType "swiss"]
[EventRounds "7"]
[EventCountry "ESP"]
[SourceTitle "CBM 177 Extra"]
[Source "ChessBase"]
[SourceDate "2017.04.27"]
[SourceVersion "1"]
[SourceVersionDate "2017.04.27"]
[SourceQuality "1"]

1. d4 Nf6 2. c4 c5 3. d5 b5 4. cxb5 a6 5. bxa6 Bxa6 6. Nc3 g6 7. e4 Bxf1 8. Kxf1 d6 9. Nf3 Nbd7 10. h3 Bg7 11. g3 0-0 12. Kg2 Ne5 13. Nxe5 dxe5 14. Re1 e6 15. dxe6 fxe6 16. Bg5 Qb6 17. Qc2 c4 18. Be3 Qb7 19. f3 Rab8 20. Rab1 Qf7 21. Rf1 Rbd8 22. Rbd1 Rxd1 23. Qxd1 Qd7 24. Qxd7 Nxd7 25. Rd1 Rf7 26. a4 Bf8 27. Nb5 Bc5 28. Bxc5 Nxc5 29. Nc3 Rb7 30. Rd2 Nd3 31. Nb5 Rd7 32. Re2 Nc5 33. Nc3 Ra7 34. g4 Nxa4 35. Nxa4 Rxa4 36. Rc2 Kf7 37. Kg3 Kf6 38. Rc3 Ra2 39. Rxc4 Rxb2 40. h4 h6 41. Rc5 Rb3 42. g5+ hxg5 43. hxg5+ Kxg5 44. Rxe5+ Kf6 45. Rc5 Ra3 46. Kg4 Ra4 1/2-1/2

[Event "Gran Canaria Cabildo op"]
[Site "Gran Canaria"]
[Date "2016.03.08"]
[Round "7"]
[White "Perez Toledo, Antonio Jose"]
[Black "Santana Chacopino, Carlos"]
[Result "1/2-1/2"]
[WhiteElo "1553"]
[BlackElo "1437"]
[PlyCount "62"]
[EventDate "2016.02.16"]
[EventType "swiss"]
[EventRounds "9"]
[EventCountry "ESP"]
[SourceTitle "CBM 171 Extra"]
[Source "ChessBase"]
[SourceDate "2016.04.26"]
[SourceVersion "1"]
[SourceVersionDate "2016.04.26"]
[SourceQuality "1"]

1. d4 Nf6 2. c4 g6 3. Nc3 Bg7 4. e4 d6 5. Nf3 Bg4 6. Be2 0-0 7. 0-0 Re8 8. Be3 Nbd7 9. h3 Bxf3 10. Bxf3 e5 11. d5 Rf8 12. b4 b6 13. Qb3 Kh8 14. Rac1 Ng8 15. Qc2 Bh6 16. Bxh6 Nxh6 17. g4 Qh4 18. Bg2 f5 19. exf5 gxf5 20. gxf5 Rxf5 21. Ne4 Raf8 22. Ng3 Rf4 23. Qe2 Nf6 24. c5 Nfg4 25. cxd6 cxd6 26. Rc4 Nxf2 27. Rxf2 Qxg3 28. Rfxf4 Rxf4 29. Rc8+ Kg7 30. Rc7+ Rf7 31. Rxf7+ Nxf7 1/2-1/2

[Event "Las Palmas Insular-chT Pref-A"]
[Site "Las Palmas"]
[Date "2016.01.16"]
[Round "9.3"]
[White "Perez Toledo, Antonio Jose"]
[Black "Cabrera Marrero, Julian"]
[Result "1/2-1/2"]
[WhiteElo "1574"]
[BlackElo "1511"]
[PlyCount "90"]
[EventDate "2015.10.17"]
[EventType "team-tourn"]
[EventRounds "14"]
[EventCountry "ESP"]
[SourceTitle "CBM 170 Extra"]
[Source "ChessBase"]
[SourceDate "2016.02.25"]
[SourceVersion "1"]
[SourceVersionDate "2016.02.25"]
[SourceQuality "1"]
[WhiteTeam "Piscolabis Oleaje San Andres II"]
[BlackTeam "Mogan V"]
[WhiteTeamCountry "ESP"]
[BlackTeamCountry "ESP"]

1. d4 d5 2. c4 dxc4 3. Nf3 Nf6 4. e3 e6 5. Bxc4 Be7 6. Nc3 0-0 7. 0-0 c6 8. e4 Nbd7 9. Qe2 h6 10. h3 Nh7 11. Rd1 b5 12. Bb3 b4 13. Na4 a5 14. Be3 Ba6 15. Bc4 Bb7 16. Nc5 Nxc5 17. dxc5 Qc7 18. Rd2 Nf6 19. Bd4 Rfd8 20. Be5 Rxd2 21. Nxd2 Qxe5 22. g4 Bxc5 23. h4 Qg3+ 24. Kf1 Qh3+ 25. Ke1 Nxg4 26. f3 Qxh4+ 27. Kd1 Qh1+ 28. Nf1 Rd8+ 29. Kc2 Ne3+ 30. Kb3 Nxc4 31. Qxc4 Qxf3+ 32. Ka4 Rd4 33. Qxc5 Qd3 34. Rc1 b3+ 35. Ka3 Qxe4 36. axb3 Rb4 37. Nd2 Qd5 38. Qc3 Qb5 39. Nc4 c5 40. Rg1 f6 41. Nd6 Qc6 42. Qxf6 Rxb3+ 43. Kxb3 Qd5+ 44. Nc4 Qd3+ 45. Ka2 Qxc4+ 1/2-1/2

[Event "Gran Canaria Larsen Memorial 1st"]
[Site "Gran Canaria"]
[Date "2015.09.11"]
[Round "2"]
[White "Perez Toledo, Antonio Jose"]
[Black "Lopez Colon, Francisco"]
[Result "0-1"]
[WhiteElo "1625"]
[BlackElo "2036"]
[PlyCount "78"]
[EventDate "2015.09.09"]
[EventType "swiss"]
[EventRounds "7"]
[EventCountry "ESP"]
[SourceTitle "EXT 2016"]
[Source "ChessBase"]
[SourceDate "2015.10.08"]
[SourceVersion "1"]
[SourceVersionDate "2015.10.08"]
[SourceQuality "1"]

1. d4 d5 2. c4 e6 3. Nc3 Nf6 4. cxd5 exd5 5. Bg5 Be7 6. e3 0-0 7. Bd3 c6 8. Qc2 h6 9. Bh4 Be6 10. Nge2 Bd6 11. Rc1 Nbd7 12. a3 Rc8 13. b4 a5 14. Qb3 b5 15. Bg3 a4 16. Qb1 Nb6 17. Bxd6 Qxd6 18. h3 Qd7 19. Nf4 Ne8 20. Nxe6 fxe6 21. 0-0 Nd6 22. e4 Ndc4 23. e5 Nd2 24. Qc2 Nxf1 25. Bxf1 Qf7 26. Nd1 Qf4 27. Qc3 Nc4 28. g3 Qd2 29. Bxc4 Qxc3 30. Nxc3 dxc4 31. Ne4 Rf3 32. Ra1 Rd8 33. Nc5 Rxd4 34. Nxe6 Rd2 35. Nf4 Rdxf2 36. Re1 Rxf4 37. gxf4 Rxf4 38. Re3 Kf7 39. Kg2 Ke6 0-1

[Event "Las Palmas Centro Goya op"]
[Site "Las Palmas"]
[Date "2014.12.07"]
[Round "8"]
[White "Perez Toledo, Antonio Jose"]
[Black "Perdomo Suarez, Juan Manuel"]
[Result "1-0"]
[WhiteElo "1635"]
[BlackElo "1346"]
[PlyCount "117"]
[EventDate "2014.12.01"]
[EventType "swiss"]
[EventRounds "9"]
[EventCountry "ESP"]
[SourceTitle "CBM 163 Extra"]
[Source "ChessBase"]
[SourceDate "2014.12.23"]
[SourceVersion "1"]
[SourceVersionDate "2014.12.23"]
[SourceQuality "1"]

1. d4 d5 2. c4 c6 3. Nf3 Nf6 4. Nc3 dxc4 5. a4 Nd5 6. e4 Nxc3 7. bxc3 b5 8. Be2 Nd7 9. 0-0 Nf6 10. Qc2 g6 11. Rd1 Bb7 12. Bg5 Bg7 13. Rab1 a6 14. Bxc4 0-0 15. Bd3 Qc7 16. c4 bxc4 17. Qxc4 Rfc8 18. Ne5 e6 19. h3 c5 20. Bf4 cxd4 21. Qxc7 Rxc7 22. Nxg6 Rd7 23. Ne5 Re7 24. f3 Nh5 25. Bh2 f6 26. Nc4 Bh6 27. Kf1 e5 28. Nd6 Bc6 29. Nf5 Bf8 30. Nxe7+ Bxe7 31. Bc4+ Kg7 32. Bd5 Bxd5 33. exd5 Kg6 34. g4 Ng7 35. f4 Rd8 36. fxe5 Rxd5 37. exf6 Bxf6 38. Rb6 a5 39. Rd6 Rxd6 40. Bxd6 h5 41. gxh5+ Kxh5 42. Bc7 Ne6 43. Bxa5 Nc5 44. Bb6 Nxa4 45. Bxd4 Be7 46. Ra1 Kh4 47. Kg2 Nc5 48. Bf2+ Kh5 49. Ra5 Kg6 50. Bxc5 Bh4 51. Bd4 Kh7 52. Kf3 Kg6 53. Kg4 Bd8 54. Ra6+ Kf7 55. h4 Be7 56. h5 Kg8 57. Kf5 Bf8 58. Kg6 Be7 59. h6 1-0

[Event "Las Palmas Ciudad 1st"]
[Site "Las Palmas"]
[Date "2014.07.06"]
[Round "2"]
[White "Perez Toledo, Antonio Jose"]
[Black "Lopez Colon, Francisco"]
[Result "0-1"]
[WhiteElo "1655"]
[BlackElo "2021"]
[PlyCount "106"]
[EventDate "2014.07.05"]
[EventType "swiss"]
[EventRounds "7"]
[EventCountry "ESP"]
[SourceTitle "EXT 2016"]
[Source "ChessBase"]
[SourceDate "2015.10.08"]
[SourceVersion "1"]
[SourceVersionDate "2015.10.08"]
[SourceQuality "1"]

1. d4 Nf6 2. c4 g6 3. Nc3 Bg7 4. e4 d6 5. Nf3 0-0 6. Be2 Nbd7 7. 0-0 e5 8. Re1 c6 9. h3 Qe7 10. Bf1 exd4 11. Nxd4 Re8 12. Bg5 h6 13. Bh4 Qf8 14. Bg3 Nh5 15. Bh2 Be5 16. Bxe5 dxe5 17. Nf3 a5 18. g3 Qc5 19. Qd2 Kg7 20. Qe3 Qxe3 21. Rxe3 Nc5 22. Rd1 Kf6 23. Kg2 Be6 24. b3 Red8 25. Ree1 g5 26. Be2 Ng7 27. g4 Rd7 28. Rxd7 Bxd7 29. Rd1 Nge6 30. Kg3 Nf4 31. Bf1 Ke6 32. Ne1 Ke7 33. Ng2 Nxg2 34. Bxg2 Be6 35. Bf1 Rd8 36. Rxd8 Kxd8 37. h4 Kc7 38. Be2 f6 39. f3 Bd7 40. Kh3 Ne6 41. hxg5 hxg5 42. Kg3 Nd4 43. Bd3 Kd6 44. Kf2 Kc5 45. Ke3 Kb4 46. Nb1 b5 47. Kf2 Be6 48. cxb5 cxb5 49. Ke3 a4 50. bxa4 bxa4 51. a3+ Kb3 52. Kf2 Kb2 53. Ke3 Ba2 0-1

[Event "Gran Canaria Dominguez Memoral 1st"]
[Site "Gran Canaria"]
[Date "2014.03.31"]
[Round "5"]
[White "Perez Toledo, Antonio Jose"]
[Black "Trujillo Alvarado, Ivan"]
[Result "0-1"]
[WhiteElo "1690"]
[BlackElo "2149"]
[PlyCount "58"]
[EventDate "2014.03.17"]
[EventType "swiss"]
[EventRounds "7"]
[EventCountry "ESP"]
[SourceTitle "EXT 2015"]
[Source "ChessBase"]
[SourceDate "2014.11.20"]
[SourceVersion "1"]
[SourceVersionDate "2014.11.20"]
[SourceQuality "1"]

1. d4 Nf6 2. c4 g6 3. Nc3 Bg7 4. e4 0-0 5. Nf3 d6 6. Be2 Nbd7 7. 0-0 e5 8. d5 Nc5 9. Qc2 a5 10. h3 Nh5 11. Re1 Nf4 12. Bf1 f5 13. Bxf4 exf4 14. e5 dxe5 15. Nxe5 g5 16. f3 g4 17. hxg4 fxg4 18. Nxg4 Bxg4 19. Qf2 Bxf3 20. gxf3 b6 21. Rad1 Rf6 22. Bg2 Rg6 23. Kf1 Qg5 24. Ne4 Nxe4 25. Rxe4 Bf8 26. Rde1 Bc5 27. Re8+ Rxe8 28. Rxe8+ Kf7 29. Qe2 Qxg2+ 0-1

[Event "Las Palmas Insular-chT Primera-B"]
[Site "Las Palmas"]
[Date "2013.11.16"]
[Round "2.3"]
[White "Santiago Llanes, Jose Juan"]
[Black "Perez Toledo, Antonio Jose"]
[Result "1-0"]
[WhiteElo "1740"]
[BlackElo "1690"]
[PlyCount "75"]
[EventDate "2013.11.09"]
[EventType "team-tourn"]
[EventRounds "14"]
[EventCountry "ESP"]
[SourceTitle "EXT 2015"]
[Source "ChessBase"]
[SourceDate "2014.11.20"]
[SourceVersion "1"]
[SourceVersionDate "2014.11.20"]
[SourceQuality "1"]
[WhiteTeam "Telde Los Llanos"]
[BlackTeam "Piscolabis Oleaje San Andres"]
[WhiteTeamCountry "ESP"]
[BlackTeamCountry "ESP"]

1. d4 d5 2. Bf4 Nf6 3. e3 e6 4. Nf3 Bd6 5. Bg5 Nbd7 6. Bd3 h6 7. Bh4 0-0 8. Nbd2 c6 9. 0-0 Qc7 10. c4 Re8 11. Qc2 e5 12. dxe5 Nxe5 13. Bxf6 Nxd3 14. Qxd3 gxf6 15. cxd5 cxd5 16. Qxd5 Be6 17. Qh5 Kh7 18. Nd4 Be5 19. N2f3 Rg8 20. Rac1 Qa5 21. Nxe5 fxe5 22. Nxe6 fxe6 23. Qf7+ Rg7 24. Qxe6 Rag8 25. g3 Rg6 26. Qf5 R8g7 27. h4 h5 28. Rc8 Qb4 29. Qxh5+ Rh6 30. Rh8+ Kxh8 31. Qxh6+ Rh7 32. Qf6+ Rg7 33. h5 Kh7 34. Qxe5 Qg4 35. Rc1 a6 36. h6 Rd7 37. Rc7 Qd1+ 38. Kg2 1-0

[Event "Las Palmas Insular-chT Primera-B"]
[Site "Las Palmas"]
[Date "2013.11.09"]
[Round "1.3"]
[White "Perez Toledo, Antonio Jose"]
[Black "Gonzalez Ortega, Pino"]
[Result "1/2-1/2"]
[WhiteElo "1690"]
[BlackElo "1417"]
[PlyCount "42"]
[EventDate "2013.11.09"]
[EventType "team-tourn"]
[EventRounds "14"]
[EventCountry "ESP"]
[SourceTitle "EXT 2015"]
[Source "ChessBase"]
[SourceDate "2014.11.20"]
[SourceVersion "1"]
[SourceVersionDate "2014.11.20"]
[SourceQuality "1"]
[WhiteTeam "Piscolabis Oleaje San Andres"]
[BlackTeam "Grandama Avenida de Canarias"]
[WhiteTeamCountry "ESP"]
[BlackTeamCountry "ESP"]

1. d4 d6 2. c4 Nf6 3. Nc3 g6 4. e4 Bg7 5. Nf3 0-0 6. Be2 Re8 7. 0-0 e6 8. h3 c5 9. dxc5 dxc5 10. Qxd8 Rxd8 11. Bg5 h6 12. Be3 b6 13. e5 Nfd7 14. Rad1 Nc6 15. Bf4 Bb7 16. Rfe1 Ndxe5 17. Rxd8+ Rxd8 18. Nxe5 Nxe5 19. Bf1 Nc6 20. Nb5 Bxb2 21. Bxh6 Bf6 1/2-1/2

[Event "Gran Canaria Arucas op 9th"]
[Site "Gran Canaria"]
[Date "2013.06.18"]
[Round "4"]
[White "Perez Toledo, Antonio Jose"]
[Black "Gonzalez Intelangelo, Gerardo"]
[Result "0-1"]
[WhiteElo "1665"]
[BlackElo "2037"]
[PlyCount "52"]
[EventDate "2013.06.12"]
[EventType "swiss"]
[EventRounds "6"]
[EventCountry "ESP"]
[SourceTitle "CBM 155 Extra"]
[Source "ChessBase"]
[SourceDate "2013.08.26"]
[SourceVersion "1"]
[SourceVersionDate "2013.08.26"]
[SourceQuality "1"]

1. d4 f5 2. g3 Nf6 3. c4 e6 4. Bg2 Be7 5. Nc3 0-0 6. Nh3 d5 7. b3 c6 8. a3 Ng4 9. Bb2 Bf6 10. cxd5 exd5 11. 0-0 Be6 12. Nf4 Bf7 13. e3 Nd7 14. b4 Nb6 15. Nb1 Nc4 16. Bc1 a5 17. bxa5 Rxa5 18. Nd3 Qe7 19. Qb3 Rfa8 20. Re1 Rb5 21. Qc2 Bg6 22. Nc3 Rba5 23. Nb1 Qc7 24. Bxd5+ cxd5 25. Nc5 Rxc5 26. dxc5 Bxa1 0-1

[Event "Las Palmas Insular-chT Primera-B"]
[Site "Las Palmas"]
[Date "2013.01.19"]
[Round "6.4"]
[White "Rodriguez Manzaneda, Irene"]
[Black "Perez Toledo, Antonio Jose"]
[Result "1-0"]
[WhiteElo "1724"]
[BlackElo "1633"]
[PlyCount "51"]
[EventDate "2012.11.10"]
[EventType "team-tourn"]
[EventRounds "14"]
[EventCountry "ESP"]
[SourceTitle "EXT 2014"]
[Source "ChessBase"]
[SourceDate "2013.11.20"]
[SourceVersion "1"]
[SourceVersionDate "2013.11.20"]
[SourceQuality "1"]
[WhiteTeam "Telde Los Llanos"]
[BlackTeam "Piscolabis Oleaje San Andres "]
[WhiteTeamCountry "ESP"]
[BlackTeamCountry "ESP"]

1. e4 c5 2. d3 Nc6 3. g3 d6 4. Bg2 Nf6 5. f4 Bg4 6. Qd2 Bc8 7. Nf3 Bg4 8. Nh4 Rb8 9. h3 Bc8 10. g4 e6 11. Nf3 Qc7 12. 0-0 b5 13. Nc3 a6 14. Ne2 Bb7 15. Ng3 Rc8 16. Qf2 Be7 17. f5 0-0 18. g5 Nd7 19. f6 gxf6 20. gxf6 Bxf6 21. Nh5 Be5 22. Qh4 Kh8 23. Nxe5 Ncxe5 24. Nf6 Nxf6 25. Qxf6+ Kg8 26. Bh6 1-0

[Event "Las Palmas Insular-chT Primera-B"]
[Site "Las Palmas"]
[Date "2012.03.03"]
[Round "11.4"]
[White "Guerrero Orihuela, Jose Luis"]
[Black "Perez Toledo, Antonio Jose"]
[Result "1-0"]
[WhiteElo "1463"]
[BlackElo "1654"]
[PlyCount "57"]
[EventDate "2011.11.12"]
[EventType "team-tourn"]
[EventRounds "14"]
[EventCountry "ESP"]
[SourceTitle "EXT 2013"]
[Source "ChessBase"]
[SourceDate "2012.11.22"]
[SourceVersion "1"]
[SourceVersionDate "2012.11.22"]
[SourceQuality "1"]
[WhiteTeam "Canarias de Vecindario II"]
[BlackTeam "Piscolabis Oleaje San Andres"]
[WhiteTeamCountry "ESP"]
[BlackTeamCountry "ESP"]

1. d4 d5 2. c4 c6 3. Nc3 Nf6 4. Bg5 e6 5. cxd5 exd5 6. Qc2 Be7 7. e3 Nbd7 8. Bd3 h6 9. Bxf6 Nxf6 10. f3 0-0 11. Qf2 Re8 12. Nge2 Bf8 13. 0-0 Qc7 14. Ng3 Be6 15. e4 Bb4 16. e5 Nd7 17. Nh5 a6 18. Qg3 Bf8 19. f4 Nb6 20. f5 Bc8 21. f6 g5 22. h4 g4 23. Bf5 Bxf5 24. Rxf5 Kh8 25. Qxg4 c5 26. Ng7 cxd4 27. Rh5 Kh7 28. Qf5+ Kg8 29. Rxh6 1-0